000 01127cam a2200157 4500500
005 20260426014336.0
041 _afre
042 _adc
100 1 0 _aReverdy, Thomas
_eauthor
245 0 0 _aLes normes environnementales en entreprise : la trajectoire mouvementée d'une mode managériale
260 _c2005.
500 _a89
520 _aRésuméCet article s’appuie sur une recherche consacrée à la création, la diffusion et l’appropriation de l’ emas et de l’ iso 14001, deux normes conçues entre 1993 et 2003 et permettant la certification des entreprises en matière environnementale, sur le modèle de la certification « qualité ». L’auteur propose une analyse sociologique originale pour expliquer la concurrence entre ces deux normes puis la prédominance sur le territoire français de la norme iso, soutenue par des jeux acteurs et réseaux français, contrairement à la norme européenne emas.
786 0 _nSociologies pratiques | 10 | 1 | 2005-03-01 | p. 97-119 | 1235-9278
856 4 1 _uhttps://shs.cairn.info/revue-sociologies-pratiques-2005-1-page-97?lang=fr&redirect-ssocas=7080
999 _c2224920
_d2224920